Multiphase flow and heat transfer : third international symposium, September 19-21, 1994, Xi'an, China /

Bibliographic Details
Corporate Author: International Symposium on Multiphase Flow and Heat Transfer Xi'an, Shaanxi Sheng, China
Other Authors: Chen, Xuejun, 1919-, Chen, Tingkuan, Zhou, Fang-De
Format: Conference Proceeding Book
Language:English
Published: Xi'an, China : New York : Xi'an Jiaotong University Press ; Begell House, 1994.
Edition:1st ed.
Subjects:

MARC

Tag First Indicator Second Indicator Subfields
LEADER 00000cam a2200000 a 4500
001 in00001444591
005 20151020111249.0
008 990820s1994 cc a b 100 0 eng d
020 |a 7560506682 
035 |a (OCoLC)42203286 
035 |9 AJB6031AM 
040 |a TXA  |c TXA  |d UtOrBLW 
049 |a TXAM 
090 |a TJ260  |b .I634 1994 
111 2 |a International Symposium on Multiphase Flow and Heat Transfer  |n (3rd :  |d 1994 :  |c Xi'an, Shaanxi Sheng, China) 
245 1 0 |a Multiphase flow and heat transfer :  |b third international symposium, September 19-21, 1994, Xi'an, China /  |c edited by Xue-Jun Chen, Ting-Kuan Chen, Fang-De Zhou. 
250 |a 1st ed. 
264 1 |a Xi'an, China :  |b Xi'an Jiaotong University Press ;  |a New York :  |b Begell House,  |c 1994. 
300 |a v, x, 966 pages :  |b illustrations ;  |c 27 cm.. 
336 |a text  |b txt  |2 rdacontent 
337 |a unmediated  |b n  |2 rdamedia 
338 |a volume  |b nc  |2 rdacarrier 
504 |a Includes bibliographical references. 
650 0 |a Heat  |x Transmission  |v Congresses. 
650 0 |a Multiphase flow  |v Congresses. 
700 1 |a Chen, Xuejun,  |d 1919- 
700 1 |a Chen, Tingkuan. 
700 1 |a Zhou, Fang-De. 
948 |a o:jls 
999 |a MARS 
999 f f |s 3d8a6a82-7088-38f7-b993-3725374ed416  |i 297c2b7a-2a4f-3ae7-b2ca-7a4a794cfbad  |t 0 
952 f f |p normal  |a Texas A&M University  |b College Station  |c Sterling C. Evans Library  |s Evans stk  |d Evans: Library Stacks  |t 0  |e TJ260 .I634 1994  |h Library of Congress classification  |i unmediated -- volume  |m A14824212383 
998 f f |a TJ260 .I634 1994  |t 0  |l Evans: Library Stacks